000
00218nam a2200097Ia 4500
008
170619s9999 xx 000 0 und d
100
_a
Gem Collins
245
0
_a
German Dictionary
260
_b
William Collins
260
_c
2000
546
_a
ENGLISH
999
_c
16434
_d
16434